Score 0/28 Timer 07:00
0 Plays Today
% Correct
Braveheart
97.2%
Titanic
97.1%
Rocky II
96.6%
Gladiator
94.7%
The Wizard of Oz
92%
Forrest Gump
90.9%
The Lord of the Rings: The Two Towers
88.3%
Gandhi
82.5%
The Birds
82.2%
Saving Private Ryan
81.3%
Cleopatra
80.2%
Schindler's List
78.9%
Lawrence of Arabia
78.5%
Harry Potter and the Deathly Hallows: Part 2
76.5%
% Correct
The Ten Commandments
72.8%
Around the World in 80 Days
68.7%
Dances With Wolves
67.5%
Spartacus
67.4%
Woodstock
65.1%
Last of the Mohicans
64.7%
Ben-Hur
63.1%
Mr. Smith Goes to Washington
48.5%
King Kong
46.1%
The Last Emperor
42.2%
Gone With the Wind
41.4%
The Music Man
38.4%
The Phantom of the Opera
29.6%
Metropolis
23.2%
Remove Ads.
Support Sporcle.
Get the best of Sporcle when you Go Orange. This ad-free experience offers more features, more stats, and more fun while also helping to support Sporcle. Thank you for becoming a member.

You're not logged in!

Compare scores with friends on all Sporcle quizzes.
OR
Log In

Show Comments

Extras

Top Quizzes Today


Score Distribution

Your Account Isn't Verified!

In order to create a playlist on Sporcle, you need to verify the email address you used during registration. Go to your Sporcle Settings to finish the process.

Report this User

Report this user for behavior that violates our Community Guidelines.

Details: